00376 2200145 4500245005500000020001800055250001100073100002300084650002000107005001900127260004900146041001400195084001200209336000900221 aKamus Pertanian AgronomicRidzwan Abd. HalimhText a9789834606176 aCet. 1 aRidzwan Abd. Halim aKamus Pertanian a20240903075408 aKuala LumpurbDewan Bahasa dan Pustakac2010 aIndonesia a338.103 atext